000 00573nam a2200229Ia 4500
003 OSt
005 20221005132703.0
006 a|||||r|||| 00| 0
007 ta
008 221004b |||||||| |||| 00| 0 tam d
024 _a48803
037 _cTextual
040 _aCRL
_cCRL
_btam
041 _2tam
_atam
082 _aO31,1NMA1x, L8
100 _aManimozhi Au.
_9641487
245 0 _aUnnai vazhtthi padukisan
260 _c1978
650 _aTAMIL POETRY
942 _hO31,1NMA1x, L8
_cTEXL
_2cc
999 _c1064509
_d1064509